000 00725cab a2200229 4500
001 WB3230-13
008 090401t1996 xxu||||| |||| 00| 0 eng d
035 _a(Sirsi) u64462
041 _aeng
245 _aGerman investors chase UK property
260 _c1996
350 _a0
490 _aSunday Business
_v28 July 1996, 7(1)
520 _aGerman investors are targeting Britain`s commercial property market - purchasing property outside central London.
650 _aFOREIGN INVESTMENT
650 _aGERMAN INVESTMENT
650 _aINVESTMENT MARKET
650 _aOVERSEAS INVESTMENT
690 _aPROPERTY-COMMERCIAL PROPERTY-COMMERCIAL PROPERTY FINANCE AND INVESTMENT
942 _n0
948 _c04/03/1997
999 _c40153
_d40153